000 00721nam a2200277 a 4500
003 AR-BaBNM
005 20251128205443.0
008 082120s2002 ||||||||||||||000 | spa||
020 _a950-43-5878-0
040 _cAR-BaBNM
100 1 _aFara, Elena
245 0 0 _aVoces del noroeste
260 _aBuenos Aires
_b[s.n.]
_c1994
300 _a47 p.
500 _aContiene glosario en p. 47
650 4 _aLITERATURA ARGENTINA
650 4 _aCOSTUMBRES Y TRADICIONES
650 4 _aLITERATURA FOLKLORICA
650 4 _aTRADICION ORAL
650 4 _aANTROPOLOGIA CULTURAL Y SOCIAL
653 _aNARRATIVA
655 _aLITERATURA
700 1 _aFreire, Héctor J.
_eprologuista
942 _cBK
998 _cMARTIN
999 _c11465
_d11465